French History: Part 1 - Statistics

General Stats
  • This quiz has been taken 95 times
  • The average score is 6 of 12
Answer Stats
Hint Answer % Correct
Roman general who conquered Gaul. Julius Caesar
91%
Site of famous prehistoric cave paintings. Lascaux
66%
The pagan priests of the people named above. Druids
62%
Name for people of ancient Gaul (hint: same name as a famous baseball team, though pronounced differently!) Celts
51%
This ancient Roman emperor, who once was active in Gaul with his father, later famously converted to Christianity. Constantine the Great
51%
Early colonizers who founded the city of Messalina, now called Marseille. Greeks
51%
Grandson of Charlemagne who was known for his lack of hair. Charles the Bald
46%
Famous Semitic seagoing merchants who established trading outposts in what we now call France. Phoenicians
40%
A short-statured early king of the Carolingian dynasty. Pepin the Short
38%
Name of the bloody wars the above general fought in. Gallic Wars
33%
Frankish dynasty that ruled most of France after about 509 AD/CE, and after whom a suave and philosophical, though notorious badboy character in the Matrix movies is named. Merovingian Dynasty
32%
Author of the primary source for written information about the dynasty named above. He is also considered a saint in the Roman Catholic Church. Gregory of Tours
3%
No matching quizzes found
Score Distribution
Percent of People with Each Score
Percentile by Number Answered
Your Score History
You have not taken this quiz